[Event "Sao Paulo Hebraica op 17th"]
[Site "Sao Paulo"]
[Date "2014.01.12"]
[Round "5"]
[White "Da Silva Junior, Sediney Mari"]
[Black "Rigonati, Eduardo Santana"]
[Result "1/2-1/2"]
[WhiteElo "1974"]
[BlackElo "1815"]
[PlyCount "87"]
[EventDate "2014.01.09"]
[EventType "swiss"]
[EventRounds "6"]
[EventCountry "BRA"]
[SourceTitle "CBM 158 Extra"]
[Source "ChessBase"]
[SourceDate "2014.02.28"]
[SourceVersion "1"]
[SourceVersionDate "2014.02.28"]
[SourceQuality "1"]

1. e4 Nf6 2. Nc3 d5 3. exd5 Nxd5 4. Bc4 c6 5. Nge2 Bf5 6. 0-0 e6 7. Ng3 Bg6 8. d4 Be7 9. f4 0-0 10. f5 exf5 11. Bxd5 cxd5 12. Nxf5 Bf6 13. Ne2 Qc8 14. Neg3 Nc6 15. c3 Ne7 16. Ne3 Bh4 17. Nh5 Qd7 18. Nf4 Bg5 19. Nxg6 Bxe3+ 20. Bxe3 hxg6 21. Qd2 Nf5 22. Rae1 Nd6 23. Rf3 Qb5 24. Rh3 Ne4 25. Qc1 Rae8 26. Bh6 f6 27. Bxg7 Kxg7 28. Qh6+ Kf7 29. Qh7+ Ke6 30. Qxg6 Rg8 31. Qh5 Qxb2 32. Qf3 Kd6 33. Rh7 Qxc3 34. Qf4+ Ke6 35. Rxe4+ dxe4 36. Qxe4+ Kd6 37. Qf4+ Ke6 38. d5+ Kxd5 39. Qf5+ Qe5 40. Qf3+ Ke6 41. Qb3+ Qd5 42. Qh3+ Qf5 43. Qe3+ Qe5 44. Qh3+ 1/2-1/2

[Event "Mogi das Cruzes op 09"]
[Site "Mogi das Cruzes"]
[Date "2013.09.27"]
[Round "3"]
[White "Santos, Marcos Correia"]
[Black "Rigonati, Eduardo Santana"]
[Result "1/2-1/2"]
[WhiteElo "1812"]
[BlackElo "1818"]
[PlyCount "60"]
[EventDate "2013.09.26"]
[EventType "swiss"]
[EventRounds "7"]
[EventCountry "BRA"]
[SourceTitle "CBM 156 Extra"]
[Source "ChessBase"]
[SourceDate "2013.10.22"]
[SourceVersion "1"]
[SourceVersionDate "2013.10.22"]
[SourceQuality "1"]

1. e4 Nf6 2. e5 Nd5 3. d4 d6 4. Nf3 Nc6 5. Bc4 e6 6. 0-0 Be7 7. Bxd5 exd5 8. Nc3 dxe5 9. dxe5 Be6 10. Re1 a6 11. Ne2 0-0 12. Ng3 Qd7 13. Be3 Bg4 14. Bf4 f6 15. h3 Bxf3 16. gxf3 fxe5 17. Bxe5 Nxe5 18. Rxe5 c6 19. c4 Bf6 20. Re2 Rad8 21. cxd5 Qxd5 22. Qxd5+ Rxd5 23. Ne4 Bd4 24. Kg2 Ba7 25. b3 Rdf5 26. Rd1 R8f7 27. Rd3 h6 28. Red2 Bb6 29. Rc2 Re7 30. Rcd2 Ref7 1/2-1/2

[Event "Pan American-ch U16 24th"]
[Site "Pocos de Caldas"]
[Date "2013.07.30"]
[Round "8.14"]
[White "Vergara Jofre, Felipe Andres"]
[Black "Rigonati, Eduardo Santana"]
[Result "1/2-1/2"]
[WhiteElo "1901"]
[BlackElo "1807"]
[PlyCount "60"]
[EventDate "2013.07.25"]
[EventType "swiss"]
[EventRounds "9"]
[EventCountry "BRA"]
[SourceTitle "EXT 2016"]
[Source "ChessBase"]
[SourceDate "2015.10.08"]
[SourceVersion "1"]
[SourceVersionDate "2015.10.08"]
[SourceQuality "1"]

1. e4 Nf6 2. Nc3 d5 3. exd5 Nxd5 4. Bc4 e6 5. Nf3 Nc6 6. 0-0 Be7 7. Re1 0-0 8. d3 Nxc3 9. bxc3 Bf6 10. d4 Re8 11. Bb2 a6 12. Rb1 b5 13. Bd3 Bb7 14. a4 bxa4 15. Ba3 Na5 16. Bb4 Nc6 17. Be4 Rb8 18. Bc5 Na5 19. Bxb7 Rxb7 20. Qe2 Qa8 21. Rb4 Nc6 22. Rxa4 a5 23. Nd2 Be7 24. Bxe7 Nxe7 25. Nb3 Nc6 26. Rea1 Reb8 27. h3 Ra7 28. Qh5 h6 29. Kh2 Rd8 30. Qe2 Rd5 1/2-1/2

[Event "Pan American-ch U16 24th"]
[Site "Pocos de Caldas"]
[Date "2013.07.28"]
[Round "4.13"]
[White "De Carvalho, Igor Lorenzon"]
[Black "Rigonati, Eduardo Santana"]
[Result "1-0"]
[WhiteElo "1889"]
[BlackElo "1807"]
[PlyCount "183"]
[EventDate "2013.07.25"]
[EventType "swiss"]
[EventRounds "9"]
[EventCountry "BRA"]
[SourceTitle "EXT 2016"]
[Source "ChessBase"]
[SourceDate "2015.10.08"]
[SourceVersion "1"]
[SourceVersionDate "2015.10.08"]
[SourceQuality "1"]

1. d4 Nf6 2. c4 e6 3. Nc3 d5 4. cxd5 exd5 5. Bg5 c6 6. Qc2 Be7 7. e3 Ne4 8. Bxe7 Qxe7 9. Nxd5 cxd5 10. Qxc8+ Qd8 11. Qxd8+ Kxd8 12. Rc1 Nc6 13. f3 Nd6 14. Rc5 Ne7 15. Kd2 b6 16. Rc3 Re8 17. Bd3 Nef5 18. Bxf5 Nxf5 19. Nh3 Rc8 20. Rhc1 Rxc3 21. Rxc3 Kd7 22. g3 Re6 23. Nf2 Rh6 24. Ng4 Rh3 25. Kd3 f6 26. e4 Nh6 27. Nxh6 Rxh6 28. h4 Rg6 29. g4 h5 30. gxh5 Rh6 31. Rc2 Rxh5 32. Rg2 g5 33. hxg5 fxg5 34. exd5 Kd6 35. Ke4 Rh4+ 36. Rg4 Rh2 37. b4 Re2+ 38. Kd3 Rxa2 39. Rxg5 a5 40. bxa5 bxa5 41. Kc4 Rc2+ 42. Kb5 Rd2 43. Kc4 Rc2+ 44. Kb3 Rd2 45. Kc3 Rd1 46. Rg6+ Kxd5 47. Rg5+ Ke6 48. Rxa5 Rf1 49. Re5+ Kd6 50. Re3 Kd5 51. Re5+ Kd6 52. Rf5 Ke6 53. Rf4 Kd5 54. Kd2 Ra1 55. Ke3 Ra3+ 56. Kf2 Ra8 57. Kg3 Rg8+ 58. Rg4 Rf8 59. Rf4 Rg8+ 60. Kh4 Rg7 61. Kh5 Rg8 62. Kh6 Rg1 63. Kh5 Rg8 64. Kh4 Rg7 65. Rg4 Rf7 66. Kg3 Rf5 67. Kf2 Rf8 68. Ke3 Ra8 69. Rg5+ Ke6 70. Ke4 Ra1 71. Rg6+ Kf7 72. Rc6 Ke7 73. Kd5 Kd7 74. Rh6 Ra5+ 75. Ke4 Ra1 76. Ke5 Re1+ 77. Kd5 Rf1 78. Rh7+ Ke8 79. Ke6 Re1+ 80. Kd6 Rf1 81. Rh3 Rf2 82. d5 Rf1 83. Rh8+ Kf7 84. Rh7+ Ke8 85. Re7+ Kd8 86. Re3 Rh1 87. f4 Rf1 88. Re4 Rf2 89. Ke5 Rf1 90. f5 Rh1 91. d6 Rg1 92. Ke6 1-0

[Event "Sao Jose dos Campos op"]
[Site "Sao Jose dos Campos"]
[Date "2012.12.01"]
[Round "4"]
[White "Garkauskas, Otto Dmitry"]
[Black "Rigonati, Eduardo Santana"]
[Result "1-0"]
[WhiteElo "2061"]
[BlackElo "1798"]
[PlyCount "93"]
[EventDate "2012.11.29"]
[EventType "swiss"]
[EventRounds "7"]
[EventCountry "BRA"]
[SourceTitle "EXT 2014"]
[Source "ChessBase"]
[SourceDate "2013.11.20"]
[SourceVersion "1"]
[SourceVersionDate "2013.11.20"]
[SourceQuality "1"]

1. d4 Nf6 2. c4 e6 3. Nc3 d5 4. cxd5 exd5 5. Bg5 c6 6. Qc2 Bd6 7. e3 Bg4 8. Bd3 h6 9. Bh4 Nbd7 10. Nge2 Qc7 11. f3 Be6 12. 0-0-0 0-0-0 13. h3 g5 14. Bf2 Nh5 15. e4 dxe4 16. fxe4 f5 17. Kb1 Nb6 18. Na4 Ng3 19. e5 Nxh1 20. exd6 Qxd6 21. Rxh1 Qb4 22. Nc5 Bc4 23. Bxf5+ Kb8 24. Bg3+ Ka8 25. Be1 Qb5 26. Nc3 Qa6 27. N3a4 Qb5 28. Nxb6+ axb6 29. a4 Bb3 30. Qxb3 Qxb3 31. Nxb3 Rhe8 32. Bc3 Re2 33. g4 Re3 34. h4 b5 35. axb5 cxb5 36. Ka2 Rd6 37. Nc5 b4 38. Bxb4 Rxd4 39. Bc3 Rd6 40. Ne4 Rc6 41. Rd1 Re2 42. h5 Ka7 43. Kb1 b5 44. Rd7+ Kb8 45. Rd5 Rb6 46. Ba5 Re1+ 47. Bxe1 1-0

[Event "Sao Bernardo do Campo op"]
[Site "Sao Bernardo do Campo"]
[Date "2012.10.16"]
[Round "5"]
[White "Rigonati, Eduardo Santana"]
[Black "Ferreira de Souza, Ricardo"]
[Result "1-0"]
[WhiteElo "1802"]
[BlackElo "1800"]
[PlyCount "56"]
[EventDate "2012.09.14"]
[EventType "swiss"]
[EventRounds "6"]
[EventCountry "BRA"]
[SourceTitle "CBM 150 Extra"]
[Source "ChessBase"]
[SourceDate "2012.10.19"]
[SourceVersion "1"]
[SourceVersionDate "2012.10.19"]
[SourceQuality "1"]

1. e4 e5 2. Nf3 Nc6 3. d4 exd4 4. Bc4 h6 5. Nxd4 Qf6 6. Be3 Bc5 7. c3 b6 8. 0-0 Bb7 9. Nxc6 Qxc6 10. Bd5 Qb5 11. Bxb7 Rb8 12. Bd5 Qxb2 13. Qb3 Qxb3 14. axb3 c6 15. Bc4 Bxe3 16. fxe3 Nf6 17. Rxa7 0-0 18. e5 Ng4 19. Rxd7 Nxe5 20. Rd4 b5 21. Be2 Ra8 22. c4 Ra2 23. Bf3 Rb2 24. Nd2 bxc4 25. bxc4 Rc2 26. Be2 Nxc4 27. Nxc4 Rxe2 28. Rg4 Rc2 1-0

[Event "Sao Bernardo do Campo op"]
[Site "Sao Bernardo do Campo"]
[Date "2012.09.15"]
[Round "3"]
[White "Rigonati, Eduardo Santana"]
[Black "Nikolic, Jovane"]
[Result "1/2-1/2"]
[WhiteElo "1802"]
[BlackElo "1691"]
[PlyCount "92"]
[EventDate "2012.09.14"]
[EventType "swiss"]
[EventRounds "6"]
[EventCountry "BRA"]
[SourceTitle "CBM 150 Extra"]
[Source "ChessBase"]
[SourceDate "2012.10.19"]
[SourceVersion "1"]
[SourceVersionDate "2012.10.19"]
[SourceQuality "1"]

1. e4 e5 2. Nf3 Nc6 3. d4 exd4 4. Bc4 d6 5. Nxd4 Bd7 6. 0-0 Nf6 7. Nc3 Be7 8. Be3 0-0 9. h3 Ne5 10. Be2 Re8 11. f4 Ng6 12. Bf3 c5 13. Nf5 Bc6 14. Qd3 Qc7 15. Rad1 Rad8 16. g4 Bf8 17. g5 Nd7 18. Nxd6 Bxd6 19. Qxd6 Qb6 20. b3 Nde5 21. Qxc5 Nxf3+ 22. Rxf3 Qxc5 23. Bxc5 Rxd1+ 24. Nxd1 Rxe4 25. Be3 Nh4 26. Rf1 Bd7 27. Kh2 Nf5 28. Bxa7 Nd4 29. Nc3 Re1 30. Rxe1 Nf3+ 31. Kg3 Nxe1 32. Bc5 Nxc2 33. Nd5 Ne1 34. Nb4 Bf5 35. Kf2 Nd3+ 36. Nxd3 Bxd3 37. Ke3 Bb1 38. a3 Ba2 39. b4 b5 40. Kd4 f6 41. Bd6 fxg5 42. fxg5 Bb3 43. h4 Kf7 44. Ke5 Kg6 45. Kf4 h6 46. Ke5 Kf7 1/2-1/2

[Event "BRA-ch U20"]
[Site "Sao Paulo"]
[Date "2012.06.09"]
[Round "6"]
[White "Rigonati, Eduardo Santana"]
[Black "Gomes Silverio, Taua"]
[Result "1/2-1/2"]
[WhiteElo "1810"]
[BlackElo "1665"]
[PlyCount "62"]
[EventDate "2012.06.07"]
[EventType "swiss"]
[EventRounds "7"]
[EventCountry "BRA"]
[SourceTitle "EXT 2014"]
[Source "ChessBase"]
[SourceDate "2013.11.20"]
[SourceVersion "1"]
[SourceVersionDate "2013.11.20"]
[SourceQuality "1"]

1. e4 d6 2. d4 Nf6 3. Nc3 g6 4. h3 Bg7 5. Be3 Nbd7 6. f4 0-0 7. g4 e5 8. dxe5 dxe5 9. f5 Nb6 10. Be2 Nfd7 11. Nf3 Nb8 12. Qxd8 Rxd8 13. Bxb6 axb6 14. Nd5 Rxd5 15. exd5 e4 16. Ng5 Bxb2 17. Rb1 Bc3+ 18. Kf2 Bd4+ 19. Ke1 gxf5 20. gxf5 Bxf5 21. Rf1 Bg6 22. d6 cxd6 23. Bc4 Nc6 24. Nxf7 Bxf7 25. Bxf7+ Kh8 26. Bd5 Bc3+ 27. Ke2 Nd4+ 28. Ke3 Nxc2+ 29. Kxe4 Nb4 30. Rxb4 Bxb4 31. Rf3 Re8+ 1/2-1/2

[Event "Sao Bernardo do Campo LXSBC op"]
[Site "Sao Bernardo do Campo"]
[Date "2012.05.19"]
[Round "4"]
[White "Rigonati, Eduardo Santana"]
[Black "Quintiliano Pinto, Renato Rodrigues"]
[Result "0-1"]
[WhiteElo "1810"]
[BlackElo "2272"]
[PlyCount "82"]
[EventDate "2012.05.18"]
[EventType "swiss"]
[EventRounds "6"]
[EventCountry "BRA"]
[SourceTitle "EXT 2014"]
[Source "ChessBase"]
[SourceDate "2013.11.20"]
[SourceVersion "1"]
[SourceVersionDate "2013.11.20"]
[SourceQuality "1"]

1. e4 c5 2. Nf3 d6 3. c3 Nf6 4. Bc4 Nc6 5. Qc2 g6 6. d4 cxd4 7. cxd4 Bg7 8. h3 0-0 9. 0-0 d5 10. exd5 Nxd5 11. Rd1 Bf5 12. Qe2 Rc8 13. Bxd5 Qxd5 14. Nc3 Qd6 15. Be3 Nb4 16. Rac1 Nd5 17. Nh4 Bd7 18. Ne4 Qb8 19. Nc5 Bc6 20. Bg5 h6 21. Be3 Rfd8 22. Qd2 Nxe3 23. Qxe3 Rd6 24. Ne4 Bxe4 25. Rxc8+ Qxc8 26. Qxe4 Qc6 27. Qe3 e6 28. Nf3 Rd5 29. Rc1 Qd6 30. b3 Kh7 31. Ne5 Rxd4 32. Nxf7 Rd1+ 33. Rxd1 Qxd1+ 34. Kh2 Qc2 35. Qxe6 Qxf2 36. Qc4 Bd4 37. Qc7 Qg1+ 38. Kg3 Qe1+ 39. Kf3 Qe3+ 40. Kg4 Bg7 41. Qxb7 h5+ 0-1

[Event "Sao Bernardo do Campo LXSBC op"]
[Site "Sao Bernardo do Campo"]
[Date "2012.05.18"]
[Round "2"]
[White "Gomes Silverio, Taua"]
[Black "Rigonati, Eduardo Santana"]
[Result "0-1"]
[WhiteElo "1665"]
[BlackElo "1810"]
[PlyCount "78"]
[EventDate "2012.05.18"]
[EventType "swiss"]
[EventRounds "6"]
[EventCountry "BRA"]
[SourceTitle "EXT 2014"]
[Source "ChessBase"]
[SourceDate "2013.11.20"]
[SourceVersion "1"]
[SourceVersionDate "2013.11.20"]
[SourceQuality "1"]

1. Nf3 Nf6 2. g3 e6 3. Bg2 d5 4. d3 c5 5. 0-0 Nc6 6. Nbd2 e5 7. e4 d4 8. c3 dxc3 9. Nc4 Bd6 10. bxc3 Be6 11. Nxd6+ Qxd6 12. Qc2 0-0 13. Be3 Rac8 14. Rad1 Bg4 15. Rd2 Nd4 16. Bxd4 cxd4 17. c4 b5 18. Rc1 Rc5 19. Qb1 Rfc8 20. Rdc2 Nxe4 21. Nxd4 Qxd4 22. Bxe4 f5 23. Bd5+ Kh8 24. Bb7 R8c7 25. Ba6 Qxd3 26. Bxb5 h6 27. Rc3 Qd8 28. f3 Bh3 29. Qd3 Qxd3 30. Rxd3 Rxb5 31. Rd8+ Kh7 32. Rd2 Rbc5 33. Rdc2 h5 34. f4 exf4 35. gxf4 Bg4 36. Kf2 h4 37. Ke3 Bh5 38. Kd4 Bf7 39. Rc3 Kh6 0-1

[Event "BRA-ch U18"]
[Site "Sao Paulo"]
[Date "2012.05.01"]
[Round "7"]
[White "Dos Reis, Nicolas Rodrigues"]
[Black "Rigonati, Eduardo Santana"]
[Result "1-0"]
[WhiteElo "1895"]
[BlackElo "1801"]
[PlyCount "124"]
[EventDate "2012.04.28"]
[EventType "swiss"]
[EventRounds "7"]
[EventCountry "BRA"]
[SourceTitle "CBM 148 Extra"]
[Source "ChessBase"]
[SourceDate "2012.06.22"]
[SourceVersion "1"]
[SourceVersionDate "2012.06.22"]
[SourceQuality "1"]

1. d4 Nf6 2. Nc3 d5 3. Bg5 e6 4. e4 Be7 5. e5 Nfd7 6. h4 Nc6 7. Nf3 h6 8. Bxe7 Nxe7 9. Qd2 a6 10. Nd1 b5 11. a4 bxa4 12. Rxa4 Nb6 13. Ra2 Bb7 14. Ne3 Qd7 15. Bd3 Nc6 16. 0-0 a5 17. Rfa1 Nc8 18. Bb5 N8a7 19. Rxa5 Nxb5 20. Rxa8+ Bxa8 21. Rxa8+ Nd8 22. Qb4 f6 23. c4 dxc4 24. Qxc4 c6 25. Qd3 0-0 26. exf6 Rxf6 27. Ne5 Qc7 28. Nxc6 Qxc6 29. Rxd8+ Kf7 30. Nc4 Ke7 31. Rg8 Rf7 32. b3 Nd6 33. Nxd6 Qxd6 34. Qe3 Rf4 35. Rxg7+ Kf6 36. Rh7 Rxd4 37. Rxh6+ Kf7 38. Qf3+ Ke8 39. Rh8+ Ke7 40. Qf8+ Kd7 41. Qxd6+ Rxd6 42. Rg8 Ke7 43. Rg3 Kf7 44. Kh2 Rd5 45. Kh3 Rb5 46. Rf3+ Kg7 47. g4 e5 48. h5 Kh7 49. Kh4 e4 50. Re3 Rb4 51. f3 exf3 52. Rxf3 Kh6 53. Rd3 Rb5 54. g5+ Kh7 55. Rd7+ Kh8 56. h6 Rxb3 57. Kh5 Rb5 58. Rd1 Ra5 59. Rf1 Kh7 60. Rf7+ Kg8 61. Kg6 Ra8 62. Re7 Rb8 1-0

[Event "BRA-ch U18"]
[Site "Sao Paulo"]
[Date "2012.04.28"]
[Round "1"]
[White "Guimaraes, Artemis Pamela"]
[Black "Rigonati, Eduardo Santana"]
[Result "0-1"]
[WhiteElo "2037"]
[BlackElo "1801"]
[PlyCount "90"]
[EventDate "2012.04.28"]
[EventType "swiss"]
[EventRounds "7"]
[EventCountry "BRA"]
[SourceTitle "CBM 148 Extra"]
[Source "ChessBase"]
[SourceDate "2012.06.22"]
[SourceVersion "1"]
[SourceVersionDate "2012.06.22"]
[SourceQuality "1"]

1. e4 Nf6 2. e5 Nd5 3. c4 Nb6 4. d4 d6 5. exd6 cxd6 6. Nc3 g6 7. Bd3 Bg7 8. Nge2 0-0 9. 0-0 Nc6 10. Be3 Re8 11. b3 e5 12. dxe5 dxe5 13. c5 Nd7 14. Ne4 Rf8 15. Bc4 Na5 16. Bg5 Qc7 17. Be7 Nxc4 18. Bxf8 Bxf8 19. bxc4 Nxc5 20. Nf6+ Kh8 21. Nc3 Be6 22. Ncd5 Qd6 23. Qf3 Bg7 24. Rad1 Bf5 25. g4 Bd3 26. Rxd3 Nxd3 27. Ne4 Qa3 28. g5 Bf8 29. Rd1 Nf4 30. Qxa3 Bxa3 31. Nxf4 exf4 32. Rd3 Bf8 33. Rd7 Kg7 34. c5 Rc8 35. Nd6 Bxd6 36. cxd6 Rc1+ 37. Kg2 Rd1 38. Kf3 a5 39. Kxf4 b5 40. Ke5 b4 41. Ra7 Rg1 42. Kd5 Rd1+ 43. Kc6 Rc1+ 44. Kd7 Rd1 45. Rxa5 f6 0-1

[Event "Osasco op"]
[Site "Osasco"]
[Date "2012.04.21"]
[Round "3"]
[White "Rigonati, Eduardo Santana"]
[Black "Brito, Luismar Jorge"]
[Result "0-1"]
[WhiteElo "1801"]
[BlackElo "2247"]
[PlyCount "58"]
[EventDate "2012.04.20"]
[EventType "swiss"]
[EventRounds "6"]
[EventCountry "BRA"]
[SourceTitle "CBM 148 Extra"]
[Source "ChessBase"]
[SourceDate "2012.06.22"]
[SourceVersion "1"]
[SourceVersionDate "2012.06.22"]
[SourceQuality "1"]

1. e4 c5 2. Nf3 d6 3. c3 Nf6 4. Bc4 Nc6 5. Qc2 g6 6. d4 Bg7 7. h3 0-0 8. Be3 cxd4 9. cxd4 d5 10. exd5 Nb4 11. Qb3 Nbxd5 12. 0-0 Nb6 13. Nc3 Nxc4 14. Qxc4 Be6 15. Qb5 Nd5 16. Ng5 Nxc3 17. bxc3 Bd5 18. Qe2 Rc8 19. Rfc1 Bc4 20. Qd2 Qd5 21. Nf3 Rfd8 22. Bh6 Bh8 23. Qe3 Re8 24. a3 b6 25. Rab1 Rc6 26. Re1 f6 27. Bf4 Bg7 28. Bh6 Bxh6 29. Qxh6 Bb5 0-1

[Event "Osasco op"]
[Site "Osasco"]
[Date "2012.04.21"]
[Round "4"]
[White "Van Riemsdijk, Dirk Dagobert"]
[Black "Rigonati, Eduardo Santana"]
[Result "1-0"]
[WhiteElo "2113"]
[BlackElo "1801"]
[PlyCount "107"]
[EventDate "2012.04.20"]
[EventType "swiss"]
[EventRounds "6"]
[EventCountry "BRA"]
[SourceTitle "CBM 148 Extra"]
[Source "ChessBase"]
[SourceDate "2012.06.22"]
[SourceVersion "1"]
[SourceVersionDate "2012.06.22"]
[SourceQuality "1"]

1. e4 Nf6 2. e5 Nd5 3. c4 Nb6 4. d4 d6 5. f4 Bf5 6. Nc3 Nc6 7. Be3 dxe5 8. fxe5 e6 9. Nf3 Bb4 10. Be2 0-0 11. 0-0 Be7 12. d5 Nb8 13. Nd4 Qd7 14. Nxf5 exf5 15. Bd3 g6 16. Qf3 f6 17. e6 Qe8 18. Bh6 Na6 19. Bxf8 Qxf8 20. b3 Rd8 21. Rad1 Nb4 22. Bb1 Bd6 23. Kh1 Na6 24. Nb5 Be5 25. Nxa7 Nc5 26. Nb5 Nc8 27. h3 Nd6 28. Nxd6 Bxd6 29. Bc2 b6 30. b4 Nb7 31. a3 Ra8 32. Rfe1 Qe7 33. Rd3 Kg7 34. Qd1 Nd8 35. Ba4 Kg8 36. Bd7 Kg7 37. Qf3 Ra7 38. Rc1 Nb7 39. Qf2 Kg8 40. Bc6 Kg7 41. Bxb7 Rxb7 42. c5 bxc5 43. bxc5 Be5 44. d6 cxd6 45. c6 Rc7 46. Qa2 g5 47. Qd5 h5 48. Rb3 g4 49. Rcb1 Kh6 50. Rb7 gxh3 51. gxh3 Qg7 52. Rg1 Qe7 53. Rgb1 Kh7 54. Qf3 1-0

[Event "BRA-ch U25"]
[Site "Sao Paulo"]
[Date "2012.02.20"]
[Round "4"]
[White "Rigonati, Eduardo Santana"]
[Black "Rogani, Bruno"]
[Result "1/2-1/2"]
[WhiteElo "1784"]
[BlackElo "1918"]
[PlyCount "118"]
[EventDate "2012.02.18"]
[EventType "swiss"]
[EventRounds "7"]
[EventCountry "BRA"]
[SourceTitle "CBM 147 Extra"]
[Source "ChessBase"]
[SourceDate "2012.04.24"]
[SourceVersion "1"]
[SourceVersionDate "2012.04.24"]
[SourceQuality "1"]

1. e4 e5 2. Nf3 Nc6 3. d4 exd4 4. Bc4 Nf6 5. e5 d5 6. Bb5 Nd7 7. 0-0 Be7 8. Re1 0-0 9. Bxc6 bxc6 10. Nxd4 Nb8 11. e6 c5 12. exf7+ Rxf7 13. Ne6 Bxe6 14. Rxe6 Qd7 15. Re5 Rf5 16. Rxf5 Qxf5 17. Nc3 c6 18. Qe2 Qf7 19. Bd2 Nd7 20. Re1 Rf8 21. Nd1 Bf6 22. Bf4 c4 23. Bg3 Bd4 24. Bd6 Rd8 25. Qg4 Re8 26. Rxe8+ Qxe8 27. Kf1 Bb6 28. Qe2 Qf7 29. Qe7 Nf6 30. f3 Nh5 31. Nf2 Qxe7 32. Bxe7 Bd4 33. b3 cxb3 34. axb3 Nf4 35. Bd6 Ne6 36. Nd3 Bc3 37. Bc5 a6 38. Bf2 Bd4 39. Nb4 Bxf2 40. Kxf2 Nd4 41. Ke3 c5 42. Nxa6 Nxc2+ 43. Kd2 Nd4 44. Nxc5 Kf7 45. Kd3 Nf5 46. g3 Ke7 47. Na4 Kd6 48. b4 Kc6 49. Nc3 h5 50. Ne2 Kd6 51. Nd4 Nh6 52. h3 g6 53. g4 Ke5 54. Ke3 hxg4 55. hxg4 g5 56. b5 Nf7 57. b6 Nd8 58. Nb5 Nb7 59. Nd4 Nd8 1/2-1/2

[Event "BRA-ch U25"]
[Site "Sao Paulo"]
[Date "2012.02.18"]
[Round "1"]
[White "Abdalla, Jose Lucas Aurelli"]
[Black "Rigonati, Eduardo Santana"]
[Result "1-0"]
[WhiteElo "2050"]
[BlackElo "1784"]
[PlyCount "115"]
[EventDate "2012.02.18"]
[EventType "swiss"]
[EventRounds "7"]
[EventCountry "BRA"]
[SourceTitle "CBM 147 Extra"]
[Source "ChessBase"]
[SourceDate "2012.04.24"]
[SourceVersion "1"]
[SourceVersionDate "2012.04.24"]
[SourceQuality "1"]

1. e4 Nf6 2. d3 d5 3. Nd2 e5 4. exd5 Qxd5 5. Ngf3 Bc5 6. Be2 0-0 7. 0-0 Nc6 8. h3 h6 9. a3 Be6 10. b4 Bd4 11. Nxd4 Nxd4 12. Bb2 Bf5 13. Re1 Rfe8 14. Nf1 Qc6 15. Ne3 Bg6 16. Nc4 Rad8 17. Qc1 b5 18. Ne3 Nd5 19. Bxd4 exd4 20. Nxd5 Qxd5 21. Bf3 Qd6 22. Qd2 c5 23. a4 a6 24. axb5 axb5 25. Ra5 Qb6 26. Rea1 Rc8 27. Ra6 Qd8 28. Bb7 Rb8 29. Bc6 Re5 30. Ra7 Kh7 31. Rd7 Qc8 32. Qf4 Rf5 33. Qc7 cxb4 34. Be4 Rc5 35. Bxg6+ Kxg6 36. Qd6+ Kh7 37. Rxf7 Rg5 38. Raa7 Ra8 39. Rac7 Ra1+ 40. Kh2 Qa8 41. Rc6 Kg8 42. Qe6 Qxc6 43. Rxg7+ Kxg7 44. Qxc6 Rf1 45. Qd6 Rxf2 46. Qxd4+ Rf6 47. Qxb4 Rfg6 48. Qd4+ Kh7 49. g4 h5 50. Kg3 Kh6 51. Kh4 Rg7 52. Qf6+ R5g6 53. g5+ Kh7 54. Qf5 Kh8 55. Kxh5 Rc6 56. g6 Rcc7 57. Qf8+ Rg8 58. Qh6+ 1-0

[Event "BRA-ch U25"]
[Site "Sao Paulo"]
[Date "2012.02.18"]
[Round "2"]
[White "Rigonati, Eduardo Santana"]
[Black "Evangelista, Ademar Pereira Jr"]
[Result "1-0"]
[WhiteElo "1784"]
[BlackElo "1921"]
[PlyCount "89"]
[EventDate "2012.02.18"]
[EventType "swiss"]
[EventRounds "7"]
[EventCountry "BRA"]
[SourceTitle "CBM 147 Extra"]
[Source "ChessBase"]
[SourceDate "2012.04.24"]
[SourceVersion "1"]
[SourceVersionDate "2012.04.24"]
[SourceQuality "1"]

1. e4 c5 2. Nf3 Nc6 3. c3 d5 4. exd5 Qxd5 5. d4 Bg4 6. Be2 e6 7. Be3 cxd4 8. cxd4 Nf6 9. 0-0 Be7 10. Nc3 Qd6 11. Qb3 Qb4 12. Qxb4 Bxb4 13. Rac1 0-0 14. Rfd1 h6 15. d5 Nxd5 16. Nxd5 exd5 17. Rxd5 Be6 18. Rb5 Rab8 19. Bf4 a6 20. Rb6 Ba5 21. Rcxc6 Bxa2 22. Bxb8 bxc6 23. Rb7 Bd5 24. Bd6 Rd8 25. Rb8 Rxb8 26. Bxb8 Kf8 27. Bxa6 Ke7 28. Nd4 Bb6 29. Nf5+ Kf6 30. Ne3 Be6 31. Bb7 Bd4 32. b4 Bd7 33. Kf1 c5 34. Nd5+ Kg6 35. Ba7 Bb5+ 36. Kg1 Bxf2+ 37. Kxf2 cxb4 38. Nxb4 Kh7 39. Bc6 Bc4 40. Bd5 Bb5 41. Bxf7 Kh8 42. Bd4 Kh7 43. Nd5 Kh8 44. Ne7 Bd7 45. Ng6+ 1-0

[Event "Sao Bernardo do Campo LXSBC op 08th"]
[Site "Sao Bernardo do Campo"]
[Date "2011.07.02"]
[Round "4"]
[White "Rigonati, Eduardo Santana"]
[Black "Ferreira, Ricardo Criez Nobre"]
[Result "1-0"]
[WhiteElo "1796"]
[BlackElo "1977"]
[PlyCount "97"]
[EventDate "2011.07.01"]
[EventType "swiss"]
[EventRounds "6"]
[EventCountry "BRA"]
[SourceTitle "EXT 2012"]
[Source "ChessBase"]
[SourceDate "2011.11.24"]
[SourceVersion "1"]
[SourceVersionDate "2011.11.24"]
[SourceQuality "1"]

1. e4 e6 2. d4 d5 3. Nd2 a6 4. c3 c5 5. e5 Nc6 6. Ndf3 c4 7. Ne2 b5 8. b3 Nge7 9. Ng3 Qc7 10. Bd2 cxb3 11. axb3 Bb7 12. Bd3 Nc8 13. 0-0 Nb6 14. Qe2 Be7 15. Ng5 h6 16. Nh3 b4 17. Rfc1 bxc3 18. Bxc3 0-0 19. Qg4 Qd8 20. Bd2 g5 21. f4 Nd7 22. Bc3 Rc8 23. f5 Bb4 24. f6 Bxc3 25. Rxc3 Nb4 26. Rxc8 Bxc8 27. Bb1 a5 28. Nxg5 Nxf6 29. exf6 Qxf6 30. Nh7+ Qg7 31. Nf6+ Kh8 32. Qxg7+ Kxg7 33. Ngh5+ Kh8 34. Rxa5 Ba6 35. Ra4 Bd3 36. Rxb4 Bxb1 37. Rb7 Bg6 38. b4 Bxh5 39. Nxh5 Kh7 40. b5 Kg6 41. Nf4+ Kf5 42. g3 f6 43. b6 Rc8 44. Rc7 Rb8 45. b7 e5 46. Nxd5 exd4 47. Ne7+ Ke4 48. Nc6 Re8 49. Re7+ 1-0

[Event "Sao Bernardo do Campo LXSBC op 08th"]
[Site "Sao Bernardo do Campo"]
[Date "2011.07.02"]
[Round "3"]
[White "Rigonati, Eduardo Santana"]
[Black "Hara, Aroldo Hiroiuqui"]
[Result "1/2-1/2"]
[WhiteElo "1796"]
[BlackElo "1986"]
[PlyCount "83"]
[EventDate "2011.07.01"]
[EventType "swiss"]
[EventRounds "6"]
[EventCountry "BRA"]
[SourceTitle "EXT 2012"]
[Source "ChessBase"]
[SourceDate "2011.11.24"]
[SourceVersion "1"]
[SourceVersionDate "2011.11.24"]
[SourceQuality "1"]

1. e4 c5 2. Nf3 Nc6 3. c3 d6 4. d4 cxd4 5. cxd4 Nf6 6. Nc3 a6 7. h3 e6 8. Bd3 Be7 9. 0-0 0-0 10. a3 Bd7 11. Qc2 h6 12. Be3 Rc8 13. Rac1 Na7 14. Qb3 b5 15. d5 Ra8 16. Nd4 e5 17. Nf3 Nh7 18. Ne2 Ng5 19. Nxg5 Bxg5 20. f4 exf4 21. Nxf4 Rc8 22. Rce1 Ra8 23. Bb1 Bf6 24. Qd3 Be5 25. Rf3 Nc8 26. Ref1 b4 27. Qb3 Ne7 28. Nd3 Bb5 29. axb4 Rc8 30. Rc1 Rxc1+ 31. Bxc1 Qb6+ 32. Be3 Bd4 33. Nf2 Rc8 34. Bxd4 Rc1+ 35. Kh2 Qxd4 36. Bd3 Bc4 37. Bxc4 Rxc4 38. Qa4 Qe5+ 39. g3 Ng6 40. Qxa6 Rxb4 41. Qc8+ Kh7 42. Qf5 1/2-1/2